Представление документа в формате RUSMARC

ПолеНазваниеЗначение
  Тип записи a
  Библиографический уровень a
001 Контрольный номер RU/CBS_UL/BASE/e94f57d24e834b07823535fc9f59f3ee
005 Дата корректировки 20250819151926.2
100 Данные общей обработки __
a Данные общей обработки 20230529 ||| 0rusy0189 ca
101 Язык документа 0_
a Язык текста rus
102 Страна публикации __
a Страна публикации RU
200 Заглавие и сведения об ответственности 1_
a Заглавие "Человек с Луны"
e Сведения, относящиеся к заглавию [Николай Николаевич Миклухо-Маклай]
f Первые сведения об ответственности А. Макеев
300 Общие примечания __
a Общие примечания 16+
461 Уровень набора _0
1 2000
a Русский мир.ru
463 Уровень физической единицы _0
1 2000
a № 4
v С. 30-37
1 2101
d 2023
1 001RU/CBS_UL/BASE/b9b528fd27944ba398cb0cbcd7449c6c
600 Персоналии _1
a Персоналии (Фамилия) Миклухо-Маклай
b Персоналии (Имя, инициалы) Н. Н.
606 Тематические рубрики 0_
a Основная рубрика Миклухо-Маклай, Николай Николаевич (1846-1888)
610 Ключевые слова 0_
a Ключевые слова путешественники
610 Ключевые слова 0_
a Ключевые слова русские путешественники
610 Ключевые слова 0_
a Ключевые слова антропологи
610 Ключевые слова 0_
a Ключевые слова биологи
610 Ключевые слова 0_
a Ключевые слова исследователи
610 Ключевые слова 0_
a Ключевые слова этнографы
610 Ключевые слова 0_
a Ключевые слова русские этнографы
686 Индексы других классификаций __
a Классификационный индекс 26.8г
700 Автор _1
a Фамилия Макеев
b Имя (инициалы) А.
801 Источник записи _0
a Страна RU
b Организация МБУК ЦБС г. Ульяновска
c Дата составления 20230529
g Правила каталогизации RCR
801 Источник записи _1
a Страна RU
b Организация МБУК ЦБС г. Ульяновска
c Дата составления 20230529
g Правила каталогизации RCR
901 Тип документа __
t Тип документа b
w Контрольный № источника RU/CBS_UL/BASE/b9b528fd27944ba398cb0cbcd7449c6c